000 01162nam a2200229 a 4500
008 120416s1989 ||||||||||||||||| || u
020 _a1557750424
050 _aHD 4334 Pri
100 _aEl-Naggar, Sa°id, 1920-
245 1 0 _aPrivatization and structural adjustment in the Arab countries : papers presented at a seminar held in Abu Dhabi, United Arab Emirates, December 5-7, 1988 /
_cedited by Said El-Naggar
260 _aWashington DC
_bInternational Monetary Fund
_c1989
300 _axii, 269p. : ill.
350 _a0.00
500 _aIncludes bibliographical references.
650 _aPrivatization--Arab countries--Congresses
650 0 _aPRIVATIZATION
650 _aSTRUCTURAL ADJUSTMENT (ECONOMIC POLICY)--ARAB COUNTRIES--CONGRESSES
650 _aARAB COUNTRIES--ECONOMIC CONGRESSES
710 _aINTERNATIONAL MONETARY FUND(IMF)
995 _aANNEX COLLECTION (Main Library)
_D0.00
_e719387
_FCBU-MAIN LIBRARY (Kitwe)
_H1
_I18.50
_jHD 4334 Pri
_M1
_UAVAILABLE
_y025015
_ZAnnex Low-Usage Collection
995 _aSPECIAL COLLECTIONS
_D0.00
_e024414
_FCBU-MAIN LIBRARY (Kitwe)
_H2
_I18.50
_jIMF(02)1989/ 5
_M2
_UAVAILABLE
_y024414
_ZInternational Publications
999 _c77178
_d77178